श्वेता ओर सोनपरी/ (Record no. 204175)

MARC details
000 -LEADER
fixed length control field 00967nam a22001937a 4500
005 - DATE AND TIME OF LATEST TRANSACTION
control field 20240718124228.0
010 ## - LCCN (DPL NO)
LC control number B-760061
020 ## - INTERNATIONAL STANDARD BOOK NUMBER
International Standard Book Number 9789354096310
Terms of availability 100.00
035 ## - SYSTEM CONTROL NUMBER
System control number B-760061
037 ## - SOURCE OF ACQUISITION
Source of stock number/acquisition उपहार
082 ## - DEWEY DECIMAL CLASSIFICATION NUMBER
Classification number
100 ## - MAIN ENTRY--PERSONAL NAME
Personal name श्रीवास्तव, अखिलेश
245 ## - TITLE STATEMENT
Title श्वेता ओर सोनपरी/
Statement of responsibility, etc अखिलेश श्रीवास्तव चमन
260 ## - PUBLICATION, DISTRIBUTION, ETC. (IMPRINT)
Place of publication, distribution, etc न्यू दिल्ली
Name of publisher, distributor, etc प्रकाशन विभाग सूचना और प्रसारण मंत्रालय भारत सरकार
Date of publication, distribution, etc 2021
270 ## - ADDRESS
Address सी.जी.ओ काम्प्लेक्स लोधी रोड
City न्यू दिल्ली
300 ## - PHYSICAL DESCRIPTION
Extent 60पृष्ठ.;
Dimensions 24सेमी, (आजिल्द)
942 ## - ADDED ENTRY ELEMENTS (KOHA)
Institution code [OBSOLETE] dpl
Item type Children Books
Source of classification or shelving scheme Dewey Decimal Classification
Classification part
Call number suffix श्रीवास्त
Holdings
Withdrawn status Lost status Not for loan Collection code Home library Current library Date acquired Source of acquisition Cost, normal purchase price Full call number Barcode Copy number Cost, replacement price Koha item type Public note
      Non-fiction Shahdara Branch Shahdara Branch 18/07/2024 उपहार /08.07.2024 100.00 क श्रीवास्त B-760061 1 100.00 Children Books उपहार

© Delhi Public Library
Hit Counter
free hit counter